000 00503nam a22001457a 4500
999 _c535702
_d535702
082 _a307.1
100 _aRizwan, Fauzia
245 _aSustainable Water Supply System for Islamabad – The Capital of Pakistan /
_cFauzia Rizwan.
260 _aIslamabad:
_bNIT - NUST,
_c2018.
300 _a113 p. : ill. ;
_c30cm.
942 _2ddc
_cTHE
650 _aUrban & Regional Planning - MS Theses.
_930478
700 _aSup Dr. Asghar Naeem Malik.
_930479